| 000 | 01399nam a2200289 i 4500 | ||
|---|---|---|---|
| 003 | DO-SdBNP | ||
| 005 | 20230503093448.0 | ||
| 006 | a||||fr|||| 00| 0 | ||
| 007 | ta | ||
| 008 | 230502e2008 dr ao||fry||| 001 0 spa d | ||
| 040 |
_aDO-SdBNP _bspa _cBNPHU _erda |
||
| 082 | 4 |
_222 _bM533p |
|
| 245 | 0 | 0 |
_aMemoria del programa de modernización de la Jurisdicción de Tierra (1997 -2007). / _cConcepto y edición, Melvin Peña; diseño gráfico, Elías Roedán; fotografía, Silverio Vidal |
| 264 | 3 | 0 |
_aSanto Domingo : _bSuprema Corte de Justicia, _c2008 |
| 300 |
_a99 páginas : _bilustraciones, fotografías ; _c30 cm |
||
| 336 |
_2rdaconten _atexto _btxt |
||
| 337 |
_2rdamedia _asin medición _bn |
||
| 338 |
_2rdacarrier _avolumen _bnc |
||
| 500 | _aIncluye glosario de siglas | ||
| 505 |
_aMensaje del presidente de la SCJ. _tResumen ejecutivo.-- _tBreve historia del PMJT _tNuevo Marco Legal e Institucional.-- _tNueva Plataforma Tecnológica.-- _tNueva planta física.-- _tCapacitaciones de los recursos humanos.-- _tUn programa imposible que resultó posible.-- _tDirectorio de Consultores y Operadores. |
||
| 590 | _aInventariado 2023 / MF | ||
| 700 | 1 |
_910821 _aPeña, Melvin _econcepto y edición |
|
| 700 | 1 |
_916475 _aRoedán, Elías _ediseño gráfico |
|
| 700 | 1 |
_969593 _aVidal, Silverio _efotografía |
|
| 710 | 2 |
_955493 _aSuprema Corte de Justicia. (República Dominicana) |
|
| 942 |
_2ddc _cLBS1 |
||
| 999 |
_c53393 _d53393 |
||